[Event "SG Niederkassel 1 - LSV Turm Lippstadt "]
[Site "NRW-Klasse, Gruppe 1 2014/201"]
[Date "2014.09.14"]
[Round "1.6"]
[White "Schienmann, Bruno"]
[Black "Chapman, Alan John"]
[Result "1-0"]
[WhiteElo "2204"]
[BlackElo "1998"]
[PlyCount "91"]
[EventDate "2014.??.??"]
[WhiteTeam "SG Niederkassel 1"]
[BlackTeam "LSV Turm Lippstadt 1"]

1. d4 e6 2. c4 Bb4+ 3. Bd2 a5 4. e3 Nf6 5. Bd3 O-O 6. Ne2 d6 7. O-O e5 8. Bc1
a4 9. a3 Ba5 10. Qxa4 e4 11. Bc2 Bd7 12. Qb3 Bb6 13. Nd2 Ba4 14. Qc3 Ba5 15. b4
Bxc2 16. Qxc2 Bxb4 17. Nxe4 Ba5 18. Rb1 b6 19. N2g3 Nbd7 20. Nxf6+ Qxf6 21. Bb2
Rfe8 22. e4 Qg6 23. Rbd1 f6 24. f4 Nf8 25. Rf3 Qf7 26. Rdf1 c6 27. e5 b5 28.
Nf5 Qxc4 29. Qxc4+ bxc4 30. Nxd6 Reb8 31. Nxc4 f5 32. g4 fxg4 33. Rg3 h5 34. f5
Bd8 35. Bc1 Ra4 36. Rc3 Nh7 37. Kf2 Bg5 38. Kg3 Bxc1 39. Rfxc1 Ng5 40. Kh4 Nf3+
41. Kxh5 Nxd4 42. Rf1 Nf3 43. e6 Kf8 44. Rd1 Nxh2 45. Ne5 Rb5 46. Rd8+ 1-0

[Event "SG Niederkassel 1 - LSV Turm Lippstadt "]
[Site "NRW-Klasse, Gruppe 1 2014/201"]
[Date "2014.09.14"]
[Round "1.7"]
[White "Kuckling, Hannah"]
[Black "Riedel, Holger"]
[Result "0-1"]
[WhiteElo "2062"]
[BlackElo "2153"]
[PlyCount "84"]
[EventDate "2014.??.??"]
[WhiteTeam "LSV Turm Lippstadt 1"]
[BlackTeam "SG Niederkassel 1"]

1. e4 e6 2. d4 d5 3. Nd2 Be7 4. e5 Nh6 5. Bd3 Nf5 6. Ne2 b6 7. c3 O-O 8. Ng3 c5
9. Nf3 Nc6 10. Bc2 Qc7 11. Ne2 Ba6 12. g4 Nh4 13. Nxh4 Bxh4 14. g5 cxd4 15.
cxd4 Nxe5 16. dxe5 Qxe5 17. Bd3 Bxd3 18. Qxd3 Bxg5 19. Bxg5 Qxg5 20. Rg1 Qh6
21. Qd4 Rac8 22. Nc3 e5 23. Qxd5 Rfd8 24. Qb5 Qxh2 25. Kf1 Qh3+ 26. Rg2 Rc5 27.
Qe2 f5 28. Kg1 e4 29. Qa6 e3 30. Qxa7 exf2+ 31. Rxf2 Rc6 32. Rg2 Qe3+ 33. Kf1
Qf4+ 34. Kg1 Qd4+ 35. Kf1 Rh6 36. Ne2 Rh1+ 37. Rg1 Rxg1+ 38. Nxg1 Qf4+ 39. Ke1
Re8+ 40. Kd1 Qd4+ 41. Kc2 Rc8+ 42. Kb3 Qd5+ 0-1

[Event "SG Niederkassel 1 - LSV Turm Lippstadt "]
[Site "NRW-Klasse, Gruppe 1 2014/201"]
[Date "2014.09.14"]
[Round "1.8"]
[White "Guelsen, Taylan"]
[Black "Laurenz, Waldemar"]
[Result "0-1"]
[WhiteElo "1972"]
[BlackElo "1987"]
[PlyCount "90"]
[EventDate "2014.??.??"]
[WhiteTeam "SG Niederkassel 1"]
[BlackTeam "LSV Turm Lippstadt 1"]

1. Nf3 c5 2. c4 Nc6 3. b3 Nf6 4. Bb2 e6 5. g3 Be7 6. Bg2 O-O 7. O-O d5 8. e3 d4
9. exd4 cxd4 10. Re1 Re8 11. a3 a5 12. d3 Bf8 13. Ne5 Nxe5 14. Rxe5 Rb8 15. Qe1
b6 16. b4 Bd6 17. Bxd4 Bxb4 18. axb4 Qxd4 19. Qc3 Qxc3 20. Nxc3 axb4 21. Nb5
Rd8 22. d4 Bd7 23. Na7 Be8 24. d5 Nd7 25. Ree1 Nc5 26. Nc6 Bxc6 27. dxc6 Rbc8
28. Ra7 b3 29. Rb1 Kf8 30. Rb7 Nxb7 31. cxb7 Rb8 32. Kf1 Rd3 33. Ke2 Rc3 34.
Bh1 f5 35. Kd2 Rc2+ 36. Kd3 Rd8+ 37. Ke3 b2 38. Bc6 Ke7 39. Bb5 Rb8 40. Kd3
Rxf2 41. Bc6 Kd6 42. Ke3 Rc2 43. Ba4 Rxc4 44. Rd1+ Kc5 45. Bd7 Rc1 0-1

[Event "SK Münster 2 - SV Kamen 1"]
[Site "NRW-Klasse, Gruppe 1 2014/201"]
[Date "2014.09.14"]
[Round "1.1"]
[White "Weidemann, Christian"]
[Black "Emunds, Hans Georg"]
[Result "1-0"]
[WhiteElo "2224"]
[BlackElo "2141"]
[PlyCount "53"]
[EventDate "2014.??.??"]
[WhiteTeam "SV Kamen 1"]
[BlackTeam "SK Münster 2"]

1. e4 c5 2. Nf3 Nc6 3. c3 e5 4. Bc4 Nf6 5. Ng5 d5 6. exd5 Nxd5 7. d4 cxd4 8.
Nxf7 Kxf7 9. Qf3+ Ke6 10. a4 b6 11. O-O Bb7 12. Qg4+ Kd6 13. Bxd5 Kxd5 14. cxd4
Nxd4 15. Nc3+ Kd6 16. f4 Kc7 17. fxe5 Kb8 18. Kh1 Bc5 19. Bf4 a6 20. Rfd1 Qc8
21. e6+ Ka7 22. Rxd4 Bxd4 23. Nb5+ axb5 24. axb5+ Ba6 25. Rxa6+ Qxa6 26. bxa6
Kxa6 27. Qe2+ 1-0

[Event "SK Münster 2 - SV Kamen 1"]
[Site "NRW-Klasse, Gruppe 1 2014/201"]
[Date "2014.09.14"]
[Round "1.2"]
[White "Mueschenich, Stefan"]
[Black "Kilian, Ralf"]
[Result "1/2-1/2"]
[WhiteElo "2082"]
[BlackElo "2133"]
[PlyCount "23"]
[EventDate "2014.??.??"]
[WhiteTeam "SK Münster 2"]
[BlackTeam "SV Kamen 1"]

1. d4 e6 2. Nf3 Nf6 3. Bf4 c5 4. c3 b6 5. e3 Bb7 6. Nbd2 Be7 7. h3 O-O 8. Bd3
d5 9. O-O Ne4 10. Qc2 f5 11. Ne5 Nxd2 12. Qxd2 1/2-1/2

[Event "SK Münster 2 - SV Kamen 1"]
[Site "NRW-Klasse, Gruppe 1 2014/201"]
[Date "2014.09.14"]
[Round "1.3"]
[White "Kleinegger, Frank"]
[Black "Virnyi, Julius"]
[Result "1/2-1/2"]
[WhiteElo "2142"]
[BlackElo "2043"]
[PlyCount "66"]
[EventDate "2014.??.??"]
[WhiteTeam "SV Kamen 1"]
[BlackTeam "SK Münster 2"]

1. Nf3 Nf6 2. d4 e6 3. c4 Bb4+ 4. Nbd2 c5 5. a3 Bxd2+ 6. Qxd2 cxd4 7. Nxd4 O-O
8. e3 d5 9. b4 b6 10. Bb2 Bb7 11. f3 Nbd7 12. cxd5 Nxd5 13. Bb5 a6 14. Bxd7
Qxd7 15. O-O Rac8 16. e4 Ne7 17. Rfd1 Ng6 18. Qe3 Rfd8 19. Qb3 Qe7 20. Rac1
Rxc1 21. Rxc1 Qd7 22. a4 Rc8 23. Rxc8+ Qxc8 24. Ne2 Qc7 25. Bd4 b5 26. axb5
axb5 27. Qb2 f6 28. Bc5 Nf4 29. Nxf4 Qxf4 30. Qa2 Kf7 31. Qa7 Qc1+ 32. Kf2 Qd2+
33. Kf1 Qd1+ 1/2-1/2

[Event "SK Münster 2 - SV Kamen 1"]
[Site "NRW-Klasse (Gruppe 1 2014/201"]
[Date "2014.09.14"]
[Round "1"]
[White "Kubo, Thomas"]
[Black "Himmel, Hansjörg"]
[Result "1/2-1/2"]
[WhiteElo "2002"]
[BlackElo "2136"]
[PlyCount "35"]
[EventDate "2014.??.??"]

1. Nf3 Nf6 2. g3 d5 3. Bg2 g6 4. c4 Bg7 5. O-O O-O 6. cxd5 Nxd5 7. Nc3 c5 8.
Nxd5 Qxd5 9. d3 Nc6 10. a3 Qh5 11. Re1 Bh3 12. Bh1 h6 13. Qa4 Rac8 14. Bd2 Rfd8
15. Bc3 Bxc3 16. bxc3 b6 17. Nd2 Na5 18. Qf4 1/2-1/2

[Event "SK Münster 2 - SV Kamen 1"]
[Site "NRW-Klasse, Gruppe 1 2014/201"]
[Date "2014.09.14"]
[Round "1.5"]
[White "Georg, Heinz"]
[Black "Neuer, Thomas"]
[Result "1/2-1/2"]
[WhiteElo "2160"]
[BlackElo "2051"]
[PlyCount "98"]
[EventDate "2014.??.??"]
[WhiteTeam "SV Kamen 1"]
[BlackTeam "SK Münster 2"]

1. e4 e6 2. d4 d5 3. exd5 exd5 4. c4 Bb4+ 5. Nc3 Nf6 6. cxd5 Nxd5 7. Bd2 O-O 8.
Bc4 Re8+ 9. Nge2 Be6 10. Bb5 c6 11. Bd3 Nd7 12. Qc2 N7f6 13. h3 Rc8 14. g4 Bd6
15. a3 Nxc3 16. Qxc3 Bd5 17. f3 Bxf3 18. Bxh7+ Nxh7 19. Qxf3 Qh4+ 20. Kd1 Ng5
21. Qf5 Ne4 22. Be1 Qe7 23. Rc1 Rcd8 24. Rc2 Bc5 25. Kc1 Bxd4 26. Kb1 c5 27.
Rf1 Qf6 28. Nxd4 cxd4 29. Qb5 Qe7 30. Bb4 Qd7 31. Qd3 b6 32. Rf4 a5 33. Rxe4
Rxe4 34. Qxe4 axb4 35. axb4 Qb5 36. Qf5 Qxb4 37. Rc8 Qe1+ 38. Ka2 Qe7 39. Rxd8+
Qxd8 40. Kb1 Qc7 41. Qe4 Qc4 42. Qc2 Qf1+ 43. Ka2 d3 44. Qc8+ Kh7 45. Qd7 Qf3
46. Kb3 Qd1+ 47. Ka2 Qf3 48. Kb3 Qd1+ 49. Ka2 Qf3 1/2-1/2

[Event "SK Münster 2 - SV Kamen 1"]
[Site "NRW-Klasse, Gruppe 1 2014/201"]
[Date "2014.09.14"]
[Round "1.6"]
[White "Quante, Lennart"]
[Black "Huckebrink, Chris"]
[Result "0-1"]
[WhiteElo "2003"]
[BlackElo "2066"]
[PlyCount "64"]
[EventDate "2014.??.??"]
[WhiteTeam "SK Münster 2"]
[BlackTeam "SV Kamen 1"]

1. Nf3 Nf6 2. c4 g6 3. b4 a5 4. b5 Bg7 5. Bb2 O-O 6. g3 d5 7. cxd5 Nxd5 8. Bxg7
Kxg7 9. Bg2 c6 10. Qb3 f6 11. O-O a4 12. Qc4 Nb6 13. Qb4 cxb5 14. Nd4 Na6 15.
Qb2 b4 16. e3 e5 17. Ne2 Bg4 18. Nc1 Qd7 19. Na3 Bf5 20. d3 Rae8 21. Nc2 a3 22.
Qb1 Qa4 23. Ne1 Rf7 24. Nb3 Be6 25. Qd1 Bxb3 26. axb3 Qb5 27. d4 exd4 28. Qxd4
Nc5 29. Bd5 Rd7 30. e4 Nxb3 31. Bc4 Rxd4 32. Bxb5 Nxa1 0-1

[Event "SK Münster 2 - SV Kamen 1"]
[Site "NRW-Klasse, Gruppe 1 2014/201"]
[Date "2014.09.14"]
[Round "1.7"]
[White "Seepe, Udo"]
[Black "Holtel, Jasper"]
[Result "1/2-1/2"]
[WhiteElo "2053"]
[BlackElo "1949"]
[PlyCount "24"]
[EventDate "2014.??.??"]
[WhiteTeam "SV Kamen 1"]
[BlackTeam "SK Münster 2"]

1. d4 Nf6 2. Nf3 g6 3. g3 Bg7 4. Bg2 d5 5. c4 c6 6. O-O O-O 7. cxd5 cxd5 8. Ne5
Ng4 9. Nxg4 Bxg4 10. Nc3 Nc6 11. h3 Bc8 12. e3 e6 1/2-1/2

[Event "SK Münster 2 - SV Kamen 1"]
[Site "NRW-Klasse, Gruppe 1 2014/201"]
[Date "2014.09.14"]
[Round "1.8"]
[White "Niermann, Rainer"]
[Black "Neumann, Carsten"]
[Result "1/2-1/2"]
[WhiteElo "2015"]
[BlackElo "2010"]
[PlyCount "171"]
[EventDate "2014.??.??"]
[WhiteTeam "SK Münster 2"]
[BlackTeam "SV Kamen 1"]

1. e4 d6 2. d4 g6 3. Nc3 Bg7 4. Bg5 a6 5. Qd2 b5 6. Bd3 Nd7 7. Nf3 c5 8. dxc5
Nxc5 9. O-O Qa5 10. Nd5 Qxd2 11. Bxd2 Ra7 12. Be3 Bxb2 13. Rab1 Ba3 14. c4 b4
15. Bd4 f6 16. e5 Rb7 17. exf6 Nxf6 18. Bxc5 dxc5 19. Rfe1 Kf8 20. Ne5 Kg7 21.
Nc6 e6 22. Nf4 Re8 23. Re5 Rc7 24. Na5 Ng4 25. Rg5 e5 26. Nd5 Rf7 27. f3 Nf6
28. Nc6 Nd7 29. h4 Bb7 30. Na5 Ba8 31. h5 Nf8 32. Nb3 Bxd5 33. cxd5 Rc7 34.
hxg6 hxg6 35. Nd2 Kh6 36. Rg4 Rd8 37. Bc4 Nd7 38. d6 Rc6 39. Ne4 Nb6 40. Bxa6
c4 41. Bb7 Rcxd6 42. Nxd6 Rxd6 43. Be4 Nc8 44. Bc2 Rc6 45. Kf2 Ne7 46. Re4 Rc5
47. Rd1 Bb2 48. Rd6 Nf5 49. Ra6 Bd4+ 50. Ke1 Rd5 51. g4 Nh4 52. g5+ Kh5 53. Ke2
Bc3 54. Rxh4+ Kxh4 55. Bxg6 Kxg5 56. Bf7 Rd4 57. Rc6 Rd2+ 58. Ke3 Rxa2 59. Rxc4
Bd4+ 60. Kd3 Ra3+ 61. Kd2 b3 62. Rc6 b2 63. Rg6+ Kf5 64. Rg8 Rd3+ 65. Kc2 Rc3+
66. Kd2 Rxf3 67. Bg6+ Kf4 68. Rf8+ Kg3 69. Rb8 Rf2+ 70. Kd3 Rf6 71. Be4 Kf4 72.
Bd5 Rb6 73. Rxb6 Bxb6 74. Ba2 Kf3 75. Bd5+ Kf4 76. Ba2 e4+ 77. Ke2 Ke5 78. Bb1
Kd4 79. Kd2 Ba5+ 80. Ke2 Bb4 81. Bc2 Be7 82. Bb1 Bg5 83. Bc2 e3 84. Bg6 Kc3 85.
Bf5 Kb3 86. Bb1 1/2-1/2

[Event "SG Ennepe-Ruhr-Süd 1 - Elberfelder SG 1"]
[Site "NRW-Klasse, Gruppe 1 2014/201"]
[Date "2014.10.05"]
[Round "2.1"]
[White "Odendahl, Reiner"]
[Black "Lupor, Stefan"]
[Result "1/2-1/2"]
[WhiteElo "2273"]
[BlackElo "2219"]
[PlyCount "59"]
[EventDate "2014.??.??"]
[WhiteTeam "Elberfelder SG 1"]
[BlackTeam "SG Ennepe-Ruhr-Süd 1"]

1. c4 Nf6 2. g3 g6 3. Bg2 Bg7 4. Nc3 O-O 5. d4 d6 6. Nf3 Nc6 7. O-O a6 8. e3
Rb8 9. Qe2 e6 10. Rd1 Ne7 11. a4 a5 12. b3 Nc6 13. Ba3 Re8 14. Rac1 Qe7 15. Ne1
Nb4 16. Nd3 c5 17. Nb5 Bd7 18. dxc5 dxc5 19. Ne5 Red8 20. Bxb4 axb4 21. Nxd7
Nxd7 22. Rd2 Nf8 23. Rcd1 b6 24. Rd3 Bf6 25. Bc6 Rxd3 26. Rxd3 Rd8 27. Qd1 Rxd3
28. Qxd3 Be5 29. Kg2 h5 30. Qe4 1/2-1/2

[Event "SG Ennepe-Ruhr-Süd 1 - Elberfelder SG 1"]
[Site "NRW-Klasse, Gruppe 1 2014/201"]
[Date "2014.10.05"]
[Round "2.2"]
[White "Lupor, André"]
[Black "Hintze, Helge"]
[Result "1/2-1/2"]
[WhiteElo "2182"]
[BlackElo "2218"]
[PlyCount "68"]
[EventDate "2014.??.??"]
[WhiteTeam "SG Ennepe-Ruhr-Süd 1"]
[BlackTeam "Elberfelder SG 1"]

1. d4 Nf6 2. c4 g6 3. Nc3 d5 4. cxd5 Nxd5 5. e4 Nxc3 6. bxc3 Bg7 7. Nf3 c5 8.
Be3 Nc6 9. Be2 Bg4 10. e5 cxd4 11. cxd4 Be6 12. O-O O-O 13. Qd2 Qd7 14. Rfd1
Rfd8 15. Rac1 Bd5 16. Ne1 e6 17. Nd3 b6 18. Nf4 Ne7 19. Nxd5 Nxd5 20. Qc2 Nxe3
21. fxe3 Rac8 22. Qb3 Rxc1 23. Rxc1 Bh6 24. Kf2 Qe7 25. Rd1 Qh4+ 26. Kg1 Qe4
27. Kf2 Rc8 28. Qd3 Qh4+ 29. Kg1 Qg5 30. Kf2 b5 31. Qe4 Rc3 32. Rd3 Rxd3 33.
Bxd3 b4 34. Bc2 Qf5+ 1/2-1/2

[Event "SG Ennepe-Ruhr-Süd 1 - Elberfelder SG 1"]
[Site "NRW-Klasse, Gruppe 1 2014/201"]
[Date "2014.10.05"]
[Round "2.3"]
[White "Kurr, Gerd"]
[Black "Tripolsky, Eugen"]
[Result "0-1"]
[WhiteElo "2190"]
[BlackElo "2218"]
[PlyCount "118"]
[EventDate "2014.??.??"]
[WhiteTeam "Elberfelder SG 1"]
[BlackTeam "SG Ennepe-Ruhr-Süd 1"]

1. e4 d6 2. d4 Nf6 3. Nc3 g6 4. Bc4 Bg7 5. Qe2 Nc6 6. e5 Ng4 7. e6 Nxd4 8. Qxg4
Nxc2+ 9. Kf1 f5 10. Qd1 Nxa1 11. Bf4 c6 12. Qxa1 d5 13. Bd3 Bxe6 14. Nf3 d4 15.
Ne2 Bd5 16. Be5 Bxf3 17. Bxg7 Rg8 18. gxf3 Rxg7 19. Nf4 Qd6 20. Qc1 e5 21. Ne2
O-O-O 22. Kg2 Re7 23. Ng3 Qf6 24. Re1 h5 25. Qc5 Kb8 26. f4 e4 27. Bc4 d3 28.
Nf1 Rg7 29. h4 Qxh4 30. Qe5+ Rc7 31. Ne3 Qe7 32. Qxe7 Rxe7 33. Kh3 b5 34. Bb3
Rd6 35. Rc1 Kb7 36. Rc5 Kb6 37. Re5 Red7 38. a4 a6 39. Kh4 c5 40. Kg5 c4 41.
a5+ Kc6 42. Bd1 Rh7 43. Kh4 Rc7 44. f3 Rd4 45. fxe4 fxe4 46. Re6+ Kb7 47. Rxg6
c3 48. bxc3 Rxc3 49. Nf5 Rb4 50. Bxh5 d2 51. Kg5 Rd3 52. Rb6+ Kc7 53. Rxa6 d1=Q
54. Bxd1 Rxd1 55. Re6 Rd5 56. Kf6 e3 57. Nxe3 Rxf4+ 58. Ke7 Rd7+ 59. Ke8 Rh4
0-1

[Event "SG Ennepe-Ruhr-Süd 1 - Elberfelder SG 1"]
[Site "NRW-Klasse, Gruppe 1 2014/201"]
[Date "2014.10.05"]
[Round "2.4"]
[White "Arndt, Stefan"]
[Black "Noetzel, Frank"]
[Result "1-0"]
[WhiteElo "2136"]
[BlackElo "2165"]
[Annotator "Hausrath,Daniel"]
[PlyCount "125"]
[EventDate "2014.??.??"]
[WhiteTeam "SG Ennepe-Ruhr-Süd 1"]
[BlackTeam "Elberfelder SG 1"]

1. e4 d6 2. d4 Nf6 3. Nc3 e5 4. f4 exd4 5. Qxd4 Nc6 6. Qd2 g6 7. Nf3 Bg7 8. Bd3
O-O 9. O-O Re8 10. Qf2 d5 11. e5 Ng4 12. Qg3 Nb4 13. Bd2 c6 14. h3 Nh6 15. Qf2
Nxd3 16. cxd3 Bf5 17. g4 Bxd3 18. Rfe1 f5 19. exf6 Qxf6 20. g5 Qf5 21. gxh6
Bxh6 22. Ne5 Ba6 23. Ng4 Bg7 24. Rxe8+ Rxe8 25. Re1 Rf8 26. Re7 h5 27. Nh2 Qxh3
28. Nf3 Bf6 29. Re1 Bd3 30. Qg2 Qf5 31. Ne5 Kh7 32. Qg3 Bc2 33. Nd1 d4 34. Nf2
c5 35. Nh3 Be4 36. b3 b6 37. Nf2 Bd5 38. Nc4 Qc2 39. Qd3 Qxd3 40. Nxd3 b5 41.
Nce5 c4 42. Nb4 Bg8 43. Nd7 Rf7 44. Nxf6+ Rxf6 45. Re7+ Rf7 46. Rxf7+ Bxf7 47.
Nc6 cxb3 48. axb3 Bxb3 49. Nxa7 Bc4 50. Nc6 d3 51. Kh2 Kg7 52. Kg3 Kf6 53. Nd4
Kg7 54. Kh4 Kh6 55. Bc3 Kh7 56. Kg5 Bd5 57. Nxb5 Kg8 58. Bd2 Kf7 59. Nc3 Bc6
60. Be3 Bf3 61. Nb1 Bc6 62. Nd2 Bd5 63. Bd4 {ZÜ} 1-0

[Event "SG Ennepe-Ruhr-Süd 1 - Elberfelder SG 1"]
[Site "NRW-Klasse, Gruppe 1 2014/201"]
[Date "2014.10.05"]
[Round "2.5"]
[White "Kesseler, Heiko"]
[Black "Moors, Hans"]
[Result "1/2-1/2"]
[WhiteElo "1990"]
[BlackElo "2082"]
[PlyCount "62"]
[EventDate "2014.??.??"]
[WhiteTeam "Elberfelder SG 1"]
[BlackTeam "SG Ennepe-Ruhr-Süd 1"]

1. e4 e6 2. d4 d5 3. Nc3 Nf6 4. Bg5 dxe4 5. Nxe4 Nbd7 6. Nf3 h6 7. Nxf6+ Nxf6
8. Bh4 c5 9. Bxf6 gxf6 10. Bb5+ Bd7 11. Bxd7+ Qxd7 12. O-O cxd4 13. Qxd4 Qxd4
14. Nxd4 O-O-O 15. Rfd1 Bc5 16. Nb3 Bd6 17. Kf1 Be5 18. Rxd8+ Rxd8 19. c3 Kc7
20. g3 f5 21. f4 Bf6 22. Re1 b6 23. Re2 a5 24. a4 Kc6 25. Ke1 h5 26. Rd2 Rg8
27. Nd4+ Bxd4 28. Rxd4 f6 29. Rc4+ Kd6 30. Rd4+ Kc6 31. Rc4+ Kd6 1/2-1/2

[Event "SG Ennepe-Ruhr-Süd 1 - Elberfelder SG 1"]
[Site "NRW-Klasse, Gruppe 1 2014/201"]
[Date "2014.10.05"]
[Round "2.6"]
[White "Bruchmann, Norbert"]
[Black "Kuehne, Marco"]
[Result "1/2-1/2"]
[WhiteElo "2094"]
[BlackElo "2006"]
[PlyCount "115"]
[EventDate "2014.??.??"]
[WhiteTeam "SG Ennepe-Ruhr-Süd 1"]
[BlackTeam "Elberfelder SG 1"]

1. e4 d5 2. exd5 Qxd5 3. Nc3 Qd6 4. d4 Nf6 5. Nf3 c6 6. Ne5 Bf5 7. g4 Bg6 8. h4
Be4 9. f3 Bd5 10. Bf4 Qb4 11. Qd2 Be6 12. O-O-O Nbd7 13. a3 Qa5 14. Nc4 Bxc4
15. Bxc4 e6 16. Kb1 O-O-O 17. Nb5 Qb6 18. Bc7 Qa6 19. Nd6+ Bxd6 20. Bxa6 Bxc7
21. Bd3 Nb6 22. Be4 Rd7 23. Qg5 Ne8 24. b3 h6 25. Qe3 Bd6 26. Ka2 Rc7 27. c4
Nd7 28. g5 h5 29. c5 Be7 30. f4 g6 31. b4 Nb8 32. Bxg6 fxg6 33. Qxe6+ Rd7 34.
Qxg6 Nc7 35. f5 Nd5 36. f6 Nc3+ 37. Kb3 Nxd1 38. fxe7 Rxe7 39. Rxd1 Nd7 40. d5
cxd5 41. Rxd5 Rhe8 42. Rxd7 Kxd7 43. Qxh5 Re3+ 44. Ka4 Kc6 45. Qd1 b5+ 46. cxb6
axb6 47. Qc2+ Kb7 48. Qh7+ R8e7 49. Qg8 R7e5 50. Qf7+ Kc6 51. Qc4+ Kb7 52. Qf7+
Kc6 53. b5+ Kd6 54. Qf6+ Re6 55. Qd8+ Kc5 56. Qc7+ Kd5 57. Qd8+ Kc5 58. Qc7+
1/2-1/2

[Event "SG Ennepe-Ruhr-Süd 1 - Elberfelder SG 1"]
[Site "NRW-Klasse, Gruppe 1 2014/201"]
[Date "2014.10.05"]
[Round "2.7"]
[White "Bachmann, David"]
[Black "Osswald, Luis Monty"]
[Result "1/2-1/2"]
[WhiteElo "1930"]
[BlackElo "1986"]
[Annotator "Hausrath,Daniel"]
[PlyCount "107"]
[EventDate "2014.??.??"]
[WhiteTeam "Elberfelder SG 1"]
[BlackTeam "SG Ennepe-Ruhr-Süd 1"]

1. Nf3 c5 2. c4 Nf6 3. Nc3 g6 4. g3 Bg7 5. Bg2 O-O 6. O-O d5 7. cxd5 Nxd5 8.
Nxd5 Qxd5 9. d3 Qd6 10. Qa4 h6 11. Be3 Nc6 12. Rac1 Nd4 13. Nxd4 cxd4 14. Bf4
e5 15. Bd2 a5 16. Rc2 Bg4 17. Bxb7 Bxe2 18. Bxa8 Rxa8 19. Rfc1 Qa6 20. Qc6 Bxd3
21. Qxa8+ Qxa8 22. Rc8+ Qxc8 23. Rxc8+ Kh7 24. Bxa5 f5 25. f3 e4 26. fxe4 fxe4
27. Kf2 e3+ 28. Ke1 Bb1 29. Ke2 Bxa2 $11 30. b4 Be6 31. Rc1 Bd7 32. Rd1 Bg4+
33. Ke1 Bxd1 34. Kxd1 d3 35. b5 Be5 36. b6 Kg7 37. b7 Kf7 38. Bb6 e2+ 39. Kd2
Bc3+ 40. Kxd3 e1=Q 41. b8=Q Bf6 $11 42. Qb7+ Qe7 43. Qxe7+ Bxe7 44. Ke4 h5 45.
Ke5 Bf6+ 46. Kd5 Be7 47. Bd4 Bd8 48. Be5 Be7 49. Bc7 Bf6 50. Bf4 Be7 51. Be3
Bf6 52. h4 Be7 53. Bg5 Bb4 54. Bd8 1/2-1/2

[Event "SG Ennepe-Ruhr-Süd 1 - Elberfelder SG 1"]
[Site "NRW-Klasse, Gruppe 1 2014/201"]
[Date "2014.10.05"]
[Round "2.8"]
[White "Heller, Achim"]
[Black "Podder, Michael"]
[Result "0-1"]
[WhiteElo "1942"]
[BlackElo "1891"]
[PlyCount "64"]
[EventDate "2014.??.??"]
[WhiteTeam "SG Ennepe-Ruhr-Süd 1"]
[BlackTeam "Elberfelder SG 1"]

1. d4 d6 2. c4 g6 3. Nc3 Bg7 4. e4 c6 5. Be2 Nd7 6. f4 Qc7 7. Nf3 e5 8. fxe5
dxe5 9. d5 a5 10. Be3 Ngf6 11. d6 Qb8 12. Qd2 O-O 13. h3 b5 14. cxb5 cxb5 15.
Qd3 b4 16. Nb5 Ba6 17. a4 bxa3 18. bxa3 Bxb5 19. Qxb5 Qxd6 20. Rd1 Qxa3 21. Rd3
Qb4+ 22. Qxb4 axb4 23. O-O Rfc8 24. Rb1 Bf8 25. Kh2 Ra3 26. Bg5 Rc2 27. Nxe5
Rxe2 28. Nxd7 Nxe4 29. Rxa3 Bd6+ 30. Kg1 bxa3 31. Bh6 a2 32. Rc1 f5 0-1

[Event "LSV Turm Lippstadt 1 - Oberhausener SV "]
[Site "NRW-Klasse, Gruppe 1 2014/201"]
[Date "2014.10.05"]
[Round "2.1"]
[White "Becker, Marcel"]
[Black "Wehmeier, Stefan"]
[Result "1-0"]
[WhiteElo "2303"]
[BlackElo "2407"]
[PlyCount "53"]
[EventDate "2014.??.??"]
[WhiteTeam "Oberhausener SV 1"]
[BlackTeam "LSV Turm Lippstadt 1"]

1. d4 d5 2. Nf3 Nf6 3. c4 e6 4. Nc3 c6 5. e3 Nbd7 6. Bd3 dxc4 7. Bxc4 b5 8. Bd3
a6 9. e4 c5 10. d5 Qc7 11. O-O Bb7 12. dxe6 fxe6 13. Qe2 Rd8 14. Ng5 Qc6 15.
Nd5 Rc8 16. Nxf6+ Nxf6 17. f4 c4 18. Bc2 h6 19. e5 hxg5 20. exf6 gxf6 21. fxg5
Bd6 22. Bf4 Qb6+ 23. Kh1 Kd7 24. Rad1 Bd5 25. Rxd5 exd5 26. Bf5+ Kc6 27. Bxc8
1-0

[Event "LSV Turm Lippstadt 1 - Oberhausener SV "]
[Site "NRW-Klasse, Gruppe 1 2014/201"]
[Date "2014.10.05"]
[Round "2.2"]
[White "Matthias, Heiner"]
[Black "Kaufeld, Juergen"]
[Result "0-1"]
[WhiteElo "2310"]
[BlackElo "2219"]
[PlyCount "48"]
[EventDate "2014.??.??"]
[WhiteTeam "LSV Turm Lippstadt 1"]
[BlackTeam "Oberhausener SV 1"]

1. b3 d5 2. Bb2 Bg4 3. f3 Bh5 4. Nh3 e6 5. Nf4 Bg6 6. g3 Nf6 7. Bg2 Bd6 8. Nxg6
hxg6 9. O-O c6 10. e3 g5 11. Nc3 Nbd7 12. Ne2 Qc7 13. c4 O-O-O 14. cxd5 exd5
15. f4 gxf4 16. Nxf4 Kb8 17. Nh3 Rh6 18. Ng5 Bxg3 19. hxg3 Qxg3 20. Rxf6 gxf6
21. Qf3 Qxg5 22. Rf1 Rg8 23. Rf2 Ne5 24. Qe2 Qh4 0-1

[Event "LSV Turm Lippstadt 1 - Oberhausener SV "]
[Site "NRW-Klasse, Gruppe 1 2014/201"]
[Date "2014.10.05"]
[Round "2.3"]
[White "Litwak, Aleksej"]
[Black "Wagner, Alexej"]
[Result "0-1"]
[WhiteElo "2243"]
[BlackElo "2193"]
[PlyCount "126"]
[EventDate "2014.??.??"]
[WhiteTeam "Oberhausener SV 1"]
[BlackTeam "LSV Turm Lippstadt 1"]

1. e4 c5 2. Nf3 d6 3. d4 cxd4 4. Nxd4 Nf6 5. Nc3 a6 6. Be2 e5 7. Nb3 Be7 8. O-O
O-O 9. Kh1 Nc6 10. f4 a5 11. a4 Nb4 12. Be3 Be6 13. f5 Bd7 14. Bf3 d5 15. Nxd5
Nfxd5 16. exd5 Bxf5 17. Rf2 e4 18. Bg4 Bxg4 19. Qxg4 f5 20. Rxf5 Rxf5 21. Qxf5
Nxc2 22. Qe6+ Kh8 23. Bb6 Qc8 24. Rd1 Qxe6 25. dxe6 e3 26. Nc1 Bf6 27. Rd3 Re8
28. Bxe3 Rxe6 29. Bd2 Nb4 30. Re3 Rxe3 31. Bxe3 Bxb2 32. Nb3 Nd5 33. Bf2 b6 34.
Nd2 Be5 35. Nc4 Bc7 36. g3 g6 37. Bd4+ Kg8 38. Kg2 Kf7 39. Kf3 Ke6 40. Ke4 h5
41. Bb2 Ne7 42. Bd4 Nc8 43. Kd3 Kd5 44. Ne3+ Kc6 45. Bf6 Nd6 46. Ng2 Nb7 47.
Nh4 Nc5+ 48. Kc2 Nxa4 49. Nxg6 Kd5 50. Bh4 b5 51. h3 Kc4 52. g4 hxg4 53. hxg4
b4 54. Bf6 b3+ 55. Kb1 Nc3+ 56. Kb2 Nb5 57. Ne5+ Bxe5+ 58. Bxe5 a4 59. g5 a3+
60. Kb1 Nc3+ 61. Bxc3 Kxc3 62. g6 a2+ 63. Ka1 Kc2 0-1

[Event "LSV Turm Lippstadt 1 - Oberhausener SV "]
[Site "NRW-Klasse, Gruppe 1 2014/201"]
[Date "2014.10.05"]
[Round "2.4"]
[White "Fecke, Andreas"]
[Black "Soehnchen, Andreas"]
[Result "1-0"]
[WhiteElo "2112"]
[BlackElo "2134"]
[PlyCount "51"]
[EventDate "2014.??.??"]
[WhiteTeam "LSV Turm Lippstadt 1"]
[BlackTeam "Oberhausener SV 1"]

1. d3 d5 2. Nf3 Nf6 3. Bg5 Nbd7 4. Nbd2 e5 5. e4 c6 6. Be2 Bd6 7. O-O O-O 8. c3
Re8 9. b4 h6 10. Bh4 Nf8 11. Re1 Ng6 12. Bg3 Nh5 13. Bf1 Nxg3 14. hxg3 Bg4 15.
Rb1 Rc8 16. Be2 Bc7 17. Nh2 Be6 18. Bg4 Bb6 19. Bf5 dxe4 20. dxe4 Qc7 21. Qh5
Rcd8 22. Rb2 Nf8 23. Ng4 Bxf5 24. exf5 f6 25. Ne4 Qf7 26. Nexf6+ 1-0

[Event "LSV Turm Lippstadt 1 - Oberhausener SV "]
[Site "NRW-Klasse, Gruppe 1 2014/201"]
[Date "2014.10.05"]
[Round "2.5"]
[White "Voge, Andreas"]
[Black "Grobbel, Rainer"]
[Result "1-0"]
[WhiteElo "2076"]
[BlackElo "2120"]
[Annotator "Hausrath,Daniel"]
[PlyCount "115"]
[EventDate "2014.??.??"]
[WhiteTeam "Oberhausener SV 1"]
[BlackTeam "LSV Turm Lippstadt 1"]

1. e4 c5 2. Nf3 Nc6 3. d4 cxd4 4. Nxd4 g6 5. c4 Nf6 6. Nc3 d6 7. Be2 Bg7 8. Be3
O-O 9. O-O Nxd4 10. Bxd4 Be6 11. Qd2 Qa5 12. Rfd1 Rfc8 13. b3 Nd7 14. Bxg7 Kxg7
15. f4 f6 16. Bf3 Rab8 17. Kh1 a6 18. Rac1 b5 19. f5 Bf7 20. fxg6 hxg6 21. Bg4
Qd8 22. Bxd7 Qxd7 23. cxb5 axb5 24. Nd5 Qa7 25. h3 Ra8 26. Ra1 Rc6 27. a4 $11
Ra6 28. Nb4 Bxb3 29. Nxa6 Bxd1 30. axb5 Bb3 31. Rc1 Qb6 32. Qc3 Ra7 33. Nc7 Bf7
34. Qc6 Qxc6 35. Rxc6 Rb7 36. b6 Ba2 37. Kg1 Bb1 38. Ne6+ Kh7 39. Nd8 Rb8 40.
b7 Bxe4 41. Rc8 Rxb7 42. Nxb7 Bxb7 43. Rc7 Bd5 44. Rxe7+ Kh6 45. Rd7 Kg5 46.
Rxd6 Bb3 47. Kh2 f5 48. Kg3 Bc2 49. h4+ Kh5 50. Rd8 Kh6 51. Kf4 Bb1 52. g3 Bc2
53. Rh8+ Kg7 54. Rc8 Bd1 55. Kg5 Bh5 56. Rc7+ Kg8 57. Kf6 Kh8 58. Rg7 1-0